| 000 | 01209cam a2200349 a 4500 | ||
|---|---|---|---|
| 001 | 4563 | ||
| 003 | FISKH | ||
| 005 | 20250331113008.0 | ||
| 008 | 970113s1997 nyua b 000 1 eng | ||
| 010 | _a 97005035 | ||
| 020 | _a0590308599 | ||
| 020 | _a078073003990 | ||
| 040 |
_aDLC _cDLC _dDLC _beng |
||
| 050 | _aPZ8.M127 | ||
| 082 | _a514 | ||
| 100 | 1 | _aMaccarone, Grace. | |
| 245 | 1 | 0 |
_aMonster math school time / _cby Grace Maccarone ; illustrated by Marge Hartelius ; math activities by Marilyn Burns. |
| 260 |
_aNew York : _bScholastic, _c1997. |
||
| 300 |
_a30 unnumbered pages : _bcolor illustrations ; _c23 cm |
||
| 505 | _aE | ||
| 520 | _aFrom the time they get up at seven in the morning until they go to bed at eight o'clock at night, monsters spend a busy day, especially at school. Includes related activities. | ||
| 521 |
_a260
_bLexile |
||
| 521 |
_aE
_bRaz-Plus |
||
| 650 | 1 |
_aTime _xFiction. |
|
| 650 | 1 |
_aMonsters _xFiction. |
|
| 650 | 1 | _aStories in rhyme. | |
| 700 | 1 |
_aHartelius, Margaret A., _eillustrator |
|
| 700 | 1 |
_aBurns, Marilyn, _d1941- _eIllustrator |
|
| 906 |
_a7 _bcbc _corignew _d1 _eocip _f19 _gy-gencatlg |
||
| 942 |
_2ddc _cBK _n0 |
||
| 999 |
_c4563 _d4563 |
||